01350nab a22002777a 4500999001500000003000400015005001700019008004100036040000700077100003300084245014800117260007300265300001500338500007500353505017700428505008900605650003500694650002800729650003800757650002900795650002900824650002900853650003500882773014200917942001301059 c6359d6359OSt20260131200212.0190603e xxum|||| |||| 00| 0 spa d cPJ 94096aMizrahi, Mauricio Luis10aGuía de buenas prácticas para el funcionamiento de los tribunales de familia cuando están involucrados niños /cMauricio Luis Mizrahi.  cCiudad Autónoma de Buenos Aires :aThomson Reuters La Ley, b2025. ap. 133-140 aCita: TR LALEY AR/DOC/2872/2025 Publicado en: RCCyC 2025 (Diciembre). aSumario: I. Introducción.— II. Guía de Buenas Prácticas para el funcionamiento de los juzgados de familia donde están involucrados niños.— III. Conclusión.  t¿Te interesa el texto completo? Solicitalo al correo: koha@justierradelfuego.gov.ar 091497aCODIGO CIVIL Y COMERCIAL 09967aDERECHO DE FAMILIA 094097aINTERES SUPERIOR DEL NIÑO 0aJUZGADO DE FAMILIA96696 0aVIOLENCIA FAMILIAR91134 0aMEDIDAS CAUTELARES91051 0aTUTELA JUDICIAL EFECTIVA936370 0271393170dCiudad Autónoma de Buenos Aires : Thomson Reuters La Ley, 2015-tRevista Código Civil y Comercial. Nº 6 - Diciembre 2025 2udccANA